Faculty of Law Library — Cairo University

Official Online Catalog

الحجز الإداري : (Record no. 73674)

MARC details
000 -LEADER
fixed length control field 01985nam a2200325 i 4500
003 - CONTROL NUMBER IDENTIFIER
control field EG-GICUC
005 - DATE AND TIME OF LATEST TRANSACTION
control field 20260427121715.0
008 - FIXED-LENGTH DATA ELEMENTS--GENERAL INFORMATION
fixed length control field 260427s1968 au ||||fr|||| 00| 0 ara d
040 ## - CATALOGING SOURCE
Original cataloging agency EG-GICUC
Language of cataloging ara
Transcribing agency EG-GICUC
Modifying agency EG-GICUC
Description conventions rda
041 0# - LANGUAGE CODE
Language code of text/sound track or separate title ara
082 04 - DEWEY DECIMAL CLASSIFICATION NUMBER
Edition number 21
Classification number 345.6651
Item number ع ب . ح
092 04 - LOCALLY ASSIGNED DEWEY CALL NUMBER (OCLC)
Edition number 21
099 ## - LOCAL FREE-TEXT CALL NUMBER (OCLC)
Classification number Law1 07 345.6651 ع ب . ح - 1 ed 1968
100 0# - MAIN ENTRY--PERSONAL NAME
Personal name عبد المنعم حسني
Relator term Author.
245 12 - TITLE STATEMENT
Title الحجز الإداري :
Remainder of title ( علمًا وعملا ) /
Statement of responsibility, etc. عبد المنعم حسني .
250 ## - EDITION STATEMENT
Edition statement الطبعة الأولى
264 #1 - PRODUCTION, PUBLICATION, DISTRIBUTION, MANUFACTURE, AND COPYRIGHT NOTICE
Place of production, publication, distribution, manufacture مصر :
Name of producer, publisher, distributor, manufacturer [الناشر غير محدد]،
Date of production, publication, distribution, manufacture, or copyright notice 1968-1967.
300 ## - PHYSICAL DESCRIPTION
Extent 779 صفحة ؛
Dimensions 24 سم
336 ## - CONTENT TYPE
Source rda content
Content type term text
337 ## - MEDIA TYPE
Source rda media
Media type term Computer
338 ## - CARRIER TYPE
Source rda carrier
Carrier type term Online Resource
500 ## - GENERAL NOTE
General note يوجد في نهاية الكتاب فهرس تفصيلي يتمثل في 32 صفحة
505 ## - FORMATTED CONTENTS NOTE
Formatted contents note يتضمن :<br/>شرح واف ودراسة لمواد القانون رقم 308 لسنة 1955 في شأن الحجز الإداري والقوانين المعدلة والقرارات الوزارية الصادرة تنفيذًا لأحكامه.<br/>التعليق على هذه المواد بأراء الشراح والفقهاء وأحكام المحاكم على اختلاف درجاتها وفتاوي مجلس الدولة وتعليمات مصلحتي الضرائب والأموال المقررة والهيئة العامة للتأمينات الاجتماعية.<br/>التعديلات التي أدخلها مشروع قانون المرافعات المدنية والتجارية الجديد على أحكام وإجراءات التنفيذ في قانون المرافعات القائم.
546 ## - LANGUAGE NOTE
Language note النص باللغة العربية
650 14 - SUBJECT ADDED ENTRY--TOPICAL TERM
Topical term or geographic name entry element الإجراءات الإدارية في القضاء
Source of heading or term qrmak
651 1# - SUBJECT ADDED ENTRY--GEOGRAPHIC NAME
Source of heading or term qrmak
856 40 - ELECTRONIC LOCATION AND ACCESS
Uniform Resource Identifier <a href="https://fll.law.cu.edu.eg/fulltext/bks/B07-01514.pdf">https://fll.law.cu.edu.eg/fulltext/bks/B07-01514.pdf</a>
905 ## - Cataloger and Reviser Names
Cataloger Name: Salma Hany
942 ## - ADDED ENTRY ELEMENTS (KOHA)
Source of classification or shelving scheme Dewey Decimal Classification
Koha item type Books
Edition 21
Suppress in OPAC No
Holdings
Withdrawn status Lost status Source of classification or shelving scheme Damaged status Not for loan Collection Home library Current library Date acquired Total checkouts Full call number Barcode Date last seen Copy number Price effective from Koha item type
    Dewey Decimal Classification     القانون الإداري جــــامعة القــاهرة مكتبة كلية الحقوق - المبنى الرئيسي 27.04.2026   Law1 07 345.6651 ع ب . ح - 1 ed 1968 0701514 C1 B07-01514 27.04.2026 1 27.04.2026 Books
    Dewey Decimal Classification يحتاج إلى ترميم   القانون الإداري جــــامعة القــاهرة مكتبة كلية الحقوق - المبنى الرئيسي 27.04.2026   Law1 07 345.6651 ع ب . ح - 1 ed 1968 0702322 C2 B07-02322 27.04.2026 2 27.04.2026 Books

© All rights reserved — Faculty of Law, Cairo University